000 00463nam a2200193Ia 4500
005 20250423095908.0
008 250422s9999 xx 000 0 und d
020 _a0-321-15416-9
050 _aQA 76.73 .J38 S593/
100 _aSkansholm, Jan
245 0 _aJava from the beginning
250 _a2nd ed.
260 _aHarlow
260 _bAddison Wesley Publishing Company
260 _c2000
300 _a674 p
650 _aWhat is Java
942 _cBK
999 _c31660
_d31660